| 000 | 00571nam a2200205Ia 4500 | ||
|---|---|---|---|
| 003 | IN-BaIIA | ||
| 008 | 211028s9999 xx 000 0 eng d | ||
| 040 | _cIIA Library | ||
| 080 |
_a537.56 _bLLE |
||
| 100 |
_aLlewellyn-Jones, F _96397 |
||
| 245 | 0 |
_aIonization and breakdown in gases _cF. Llewellyn-Jones |
|
| 260 |
_aLondon _bScience Paperbacks _c1957 |
||
| 300 | _a176p. | ||
| 490 | _aScience Paperbacks SP33 | ||
| 650 |
_aBrownian Movements _96398 |
||
| 650 |
_aIonization Gases _96399 |
||
| 650 |
_aIonized Gases _91896 |
||
| 650 | _aNASA Thesaurus | ||
| 942 | _cBK | ||
| 999 |
_c3608 _d3608 |
||